| 000 | 00367nam a2200133Ia 4500 | ||
|---|---|---|---|
| 008 | 231129s1969||||xx |||||||||||||| ||spa|| | ||
| 040 | _bspa | ||
| 082 | _a918.87 H199d | ||
| 100 | _aHambleton John H. | ||
| 245 | 0 | _aDiario del viaje por el Orinoco hacia Angostura (Julio 11 - Agosto 24 1819) | |
| 260 | _c1969 | ||
| 264 | _aBanco de la Republica | ||
| 942 |
_2ddc _cBKS |
||
| 999 |
_c9226 _d9226 |
||